| 000 | 00765cam a2200289 4500 | ||
|---|---|---|---|
| 008 | 000000n2000 000 0 eng u | ||
| 020 | _a185112442X | ||
| 035 | _a(Sirsi) u109590 | ||
| 050 | _a711.52 | ||
| 100 | _aRobson, Brian | ||
| 110 |
_aUnited Kingdom _bDepartment of the Environment, Transport and the Regions _93507 |
||
| 245 | 4 | _aThe state of English cities. | |
| 260 |
_aLondon _bDETR _c2000 |
||
| 300 | _a51p. ; 30cm. | ||
| 350 | _a12.00 | ||
| 650 | _aURBAN WHITE PAPER | ||
| 650 | _aCITIES | ||
| 650 | _aURBAN REGENERATION | ||
| 650 | _aURBAN TASK FORCE | ||
| 650 | _aSOCIAL INCLUSION | ||
| 650 | _aHOUSING | ||
| 650 | _aPOVERTY | ||
| 650 | _aUNEMPLOYMENT | ||
| 690 | _aREGENERATION | ||
| 700 | _aParkinson, Michael | ||
| 942 | _n0 | ||
| 999 |
_c100959 _d100959 |
||